Ideas fundamentales del arte prehispánico en México (Record no. 10403)

MARC details
000 -CABECERA
campo de control de longitud fija 00942nam a2200277 a 4500
001 - NÚMERO DE CONTROL
campo de control BRL_1594
005 - FECHA Y HORA DE LA ÚLTIMA TRANSACCIÓN
campo de control 20190320211258.0
008 - DATOS DE LONGITUD FIJA--INFORMACIÓN GENERAL
campo de control de longitud fija 090414s1972----mx-ao#####---#000-0#spa-#
041 ## - CÓDIGO DE LENGUA
Código de lengua del texto/banda sonora o título independiente spa
044 ## - CÓDIGO DEL PAÍS DE LA ENTIDAD EDITORA/PRODUCTORA
Código MARC del país mx
050 #4 - SIGNATURA TOPOGRÁFICA DE LA BIBLIOTECA DEL CONGRESO
Número de clasificación F1219.3.A7
Número de documento/Ítem .W47 1972
100 1# - ENTRADA PRINCIPAL--NOMBRE DE PERSONA
Nombre de persona Westheim, Paul
9 (RLIN) 6016
245 10 - MENCIÓN DE TÍTULO
Título Ideas fundamentales del arte prehispánico en México
Mención de responsabilidad, etc. Paul Westheim ; tr. Mariana Frenk.
260 ## - PUBLICACIÓN, DISTRIBUCIÓN, ETC.
Lugar de publicación, distribución, etc. México
Nombre del editor, distribuidor, etc. Editorial Era
Fecha de publicación, distribución, etc. 1972
300 ## - DESCRIPCIÓN FÍSICA
Extensión 327 p.
Otras características físicas il. algunas a color
Dimensiones 22 cm.
440 #0 - MENCIÓN DE SERIE/PUNTO DE ACCESO ADICIONAL--TÍTULO
Título Biblioteca Era
Nombre de parte o sección de la obra Serie Mayor
9 (RLIN) 26405
500 ## - NOTA GENERAL
Nota general Au384
500 ## - NOTA GENERAL
Nota general Incluye índice analítico e ilustaciones.
500 ## - NOTA GENERAL
Nota general Ver también número de sistema 538 perteneciente al Fondo Ruth D. Lechuga
650 14 - PUNTO DE ACCESO ADICIONAL DE MATERIA--TÉRMINO DE MATERIA
Término de materia o nombre geográfico como elemento de entrada Arte indígena
Subdivisión geográfica México
9 (RLIN) 597
650 14 - PUNTO DE ACCESO ADICIONAL DE MATERIA--TÉRMINO DE MATERIA
Término de materia o nombre geográfico como elemento de entrada Indígenas de México
Subdivisión general Antigüedades
Subdivisión geográfica México
9 (RLIN) 2762
651 #4 - PUNTO DE ACCESO ADICIONAL DE MATERIA--NOMBRE GEOGRÁFICO
Nombre geográfico México
Subdivisión general Antigüedades
9 (RLIN) 2765
700 1# - PUNTO DE ACCESO ADICIONAL--NOMBRE DE PERSONA
Nombre de persona Frenk, Mariana
Término indicativo de función/relación tr.
9 (RLIN) 27387
902 ## - CATALOGADOR
Iniciales GRL
942 ## - ELEMENTOS DE PUNTO DE ACCESO ADICIONAL (KOHA)
Fuente del sistema de clasificación o colocación Library of Congress Classification
Tipo de ítem Koha Libros
Holdings
Estado de retiro Estado de pérdida Estado dañado No para préstamo Localización permanente Ubicación/localización actual Fecha de adquisición Número de inventario Total de préstamos Signatura topográfica completa Código de barras Fecha visto por última vez Precio válido a partir de Tipo de ítem Koha
El ejemplar forma parte de la colección y puede ser consultado según las políticas vigentes.       Biblioteca Centro de Estudios Ruth D. Lechuga Biblioteca Centro de Estudios Ruth D. Lechuga 09/04/2014 Au384   F1219.3.A7 .W47 1972 (Au384) GRL01754 22/03/2019 22/03/2019 Libros